000 00304nam a2200121Ia 4500
003 GCL
008 140319s9999 xx 000 0 eng d
040 _aGCL /
_cGCL
082 0 4 _a092.530
_bFW
245 1 0 _aWhat Little\ Remmber
260 _a[S.N] :
_bMacmillan Publishing Company ،
_c1991
300 _a227 P
999 _c18596
_d18596